000 00323nam a2200133Ia 4500
008 200103s9999||||xx |||||||||||||| ||und||
040 _aIMU-MPC
082 _aColumn-64
100 _aBlanchard, Kenneth
245 4 _aThe one minute manager meets the Monkey
260 _bRupa Company
_c1990
300 _a137
942 _cBK
999 _c11376
_d11376